| 000 | 00735nam a22002295a 4500 | ||
|---|---|---|---|
| 008 | 161221s2016 ii a|||fr|||| 000 0 eng d | ||
| 020 | _a9789350999219 | ||
| 020 | _a9350999218 | ||
| 040 |
_aEG-ScBUE _beng _cEG-ScBUE |
||
| 082 | 0 | 4 |
_222 _a621.3824 _bBAK |
| 100 | 1 |
_912771 _aBakshi, Uday A. |
|
| 245 | 1 | 0 |
_aAntenna and wave propagation / _cUday A. Bakshi, Ajay V. Bakshi. |
| 260 |
_aPune, India : _bTechnical publications, _c2016. |
||
| 300 |
_a1 v. (various pagings) : _bill. ; _c22 cm. |
||
| 590 | _aWessam | ||
| 650 | 7 |
_2BUEsh _98918 _aAntennas (Electronics). |
|
| 650 | 7 |
_98953 _aRadio wave propagation. |
|
| 651 | _2BUEsh | ||
| 653 |
_bENGELC _cDecember2016 |
||
| 700 | 1 |
_912772 _aBakshi, Ajay V. |
|
| 942 |
_2ddc _e22 _k621.3824 BAK |
||
| 999 |
_c23682 _d23654 |
||